000 01448nam a2200397 i 4500
001 ELB219371
003 FINmELB
005 20250326043041.0
006 m o u
007 cr cn|||||||||
008 230201s2022 ag ob 000 0 spa d
020 _a9788977193077
_qelectrónico
035 _a(OCoLC)1370945604
040 _aFINmELB
_bspa
_erda
_cFINmELB
050 4 _aPQ8097.N4
_bC835 2022
080 _a821.134.2(82)-1
082 0 4 _a861
_223
100 1 _aCuña, Irma,
_eautor.
245 1 0 _aPasajera del viento :
_bantología poética /
_cIrma Cuna ; selección y prólogo de Irene Gruss.
264 1 _aBuenos Aires :
_bFondo de Cultura Económica,
_c2022.
300 _a1 recurso en línea
336 _atexto
_btxt
_2rdacontent/spa
337 _acomputadora
_bc
_2rdamedia/spa
338 _arecurso en línea
_bcr
_2rdacarrier/spa
490 1 _aTierra firme
504 _aIncluye bibliografía.
588 _aDescripción basada en metadatos suministrados por el editor y otras fuentes.
590 _aRecurso electrónico. Santa Fe, Arg.: elibro, 2023. Disponible vía World Wide Web. El acceso puede estar limitado para las bibliotecas afiliadas a elibro.
650 4 _aLiteratura argentina.
650 4 _aPoesía.
655 4 _aLibros electrónicos.
700 1 _aGruss, Irene,
_eprologuista.
797 2 _aelibro, Corp.
830 0 _aTierra firme.
856 4 0 _uhttps://elibro.net/ereader/usam/219371
999 _c139621
_d139621